Nomeie um Clube que participou do Mundial Clubes FIFA com cada letra: - Statistics

Estatísticas Gerais
  • Esse quiz foi jogado 1 019 vezes
  • A pontuação média é 10 de 21
Estatísticas das Respostas
Letra Clube % Correto
B Boca Juniors, Barcelona, Bayern de Munique
96%
C Corinthians, Cruz Azul, Chelsea
92%
A Atlético Mineiro, América do México, Atlante, Adelaide United, Auckland City, Al-Nassr, Al-Ittihad, Al-Hilal, Al-Wahda, Al-Jazira, Al-Sadd, Al-Duhail, Al-Ahly, Atlético Nacional, Al Ain
91%
R River Plate, Raja Casablanca, Real Madrid
84%
F Flamengo
79%
M Monterrey, Manchester United, Moghreb Tétouan, Milan, Mazembe
77%
P Pachuca, Pohang Steelers, Palmeiras, Pirae
73%
S São Paulo, Santos, Sanfrecce Hiroshima, San Lorenzo, South Melbourne, Sydney FC, Seongnam, Shabab Al Ahli, Sepahan
73%
I Internacional, Internazionale
72%
G Grêmio, Gamba Osaka, Guangzhou Evergrande
66%
L Liverpool, LDU Quito,
63%
V Vasco da Gama
38%
E Estudiantes, Espérance de Tunis, Étoile du Sahel, ES Sétif
36%
T Team Wellington, Tigres UANL
30%
K Kashiwa Reysol, Kashima Antlers
28%
U Urawa Red, Ulsan Hyundai
12%
N Necaxa
8%
W Western Sydney Wanderers, Waitakere United, Wydad Casablanca
7%
D Deportivo Saprissa
3%
H Hekari United, Hienghène Sport
3%
J Jeonbuk Hyundai Motors
3%
Nenhum quiz correspondente encontrado
Distribuição das Pontuações
Porcentagem de Pessoas com Cada Pontuação
Percentil de Números Respondidos
Sua Pontuação Histórica
Você não jogou esse quiz